00516nam a22001817a 4500003000400000005001700004008004100021020001500062050002200077082002700099245009800126260004100224300002000265521002100285526001600306541000600322562000600328OSt20140310183012.0130211t xxu||||| |||| 00| 0 eng d a971725091X aTX353b.B126 2003 aNUR-FIL613.2bB12 2003 aBasic principles of nutrition and their application in daily life.cBaclig, Maria Josefina R. aMakati City b Grandwater Pub.c2003 a161 p.c21.5 cm acollege students c1210L-1700L j1 e1